Online Catalogue and eLibrary

Kohila enna seythuvidal (Record no. 3754)

MARC details
000 -LEADER
fixed length control field 00401nam a2200157Ia 4500
005 - DATE AND TIME OF LATEST TRANSACTION
control field 20250316145526.0
008 - FIXED-LENGTH DATA ELEMENTS--GENERAL INFORMATION
fixed length control field 240331s9999 xx 000 0 und d
082 ## - DDC Classification
Item Number - Author Mark JEY
Class No. 894
100 ## - MAIN ENTRY--PERSONAL NAME
Personal name Jeyakanthan,
245 #0 - TITLE STATEMENT
Title Kohila enna seythuvidal
250 ## - EDITION STATEMENT
Edition statement 8th
260 ## - PUBLICATION, DISTRIBUTION, ETC.
Place of publication, distribution, etc. Madurai
Name of publisher, distributor, etc. Meenakshi Puthaka Nilayam
Date of publication, distribution, etc. 1994
300 ## - PHYSICAL DESCRIPTION
Extent (e.g. Volumes, Pages etc.) 187 p .,
500 ## - GENERAL NOTE
General note A Two Stories of Alone man issues
942 ## - Koha item type (Biblio)
Koha item type Books in Stacks (Lending)
Holdings
Lost status Damaged status Collection code Home library Current library Shelving location Date acquired Full call number Accession Number Item type
    Lending WERC Library WERC Library Social Science Cupboard 03/31/2024 894.811 JEY 4491 Books in Stacks (Lending)

© WERC Library